01673nam a2200349 i 4500003000900000005001700009008004100026017001200067020001500079040004600094041000800140082002600148092000700174099003300181100006800214245014400282264009100426300003000517336002200547337002400569338003300593500005100626504010800677546011600785650007700901651001000978856005700988905001601045942001901061999001701080952022601097EG-GICUC20260121101442.0251208s1994    -ua||||fr|||| 00| 0 ara d  a9411732  a977041297x  a EG-GICUCbarac EG-GICUCd EG-GICUCerda  aara04221a341.8bع ب . ح04221  aLaw1 12 341.8 ع ب. ح 19940 aعبد الحكيم مصطفي عبد الرحمنeمؤلف.10aحماية الطفولة في القانون الدولي الخاص المقارن /cعبد الحكيم مصطفي عبد الرحمن.  a[مكان النشر غير محدد] :b[اسم الناشر غير محدد],c1994.  a252 صفحة ؛c24 سم.  2rda contentatext  2rda mediaaComputer  2rda carrieraOnline Resource  aاهداء مكتبة ا.د. صلاح عامر  aيحتوي على ارجاعات ببليوجرافية
يحتوي على قائمة بالمراجع  aالنص أغلبه باللغة العربية بعض النصوص الإنجليزية والفرنسية14aحماية الطفولة2qrmakxالقانون الدولى الخاص1 2qrmak40uhttps://fll.law.cu.edu.eg/fulltext/bks/B12-01609.pdf  a75eHassnaa  2ddcn0cBKe21  c49144d49144  00102ddc40718القانون الدولي الخاصaCUbLAW1d2025-12-08eاهداء مكتبة ا.د. صلاح عامرl0oLaw1 12	341.8 ع ب . ح 1994 1201609	C1pB12-01609r2025-12-08 12:33:00t1w2025-12-08yBK